Famous TikTokers by Picture - Statistics

General Stats
  • This quiz has been taken 1,862 times
  • The average score is 11 of 15
Answer Stats
Picture Answer % Correct
Billie Eilish
90%
The Rock
90%
JoJo Siwa
89%
James Charles
87%
Will Smith
86%
Addison Rae
84%
Kylie Jenner
84%
Charli D'Amelio
79%
Selena Gomez
79%
Jason Derulo
75%
Bella Poarch
65%
Brent Rivera
62%
Zach King
43%
Avani Gregg
37%
Kimberly Loaiza
2%
No matching quizzes found
Score Distribution
Percent of People with Each Score
Percentile by Number Answered
Your Score History
You have not taken this quiz